Statistics for countries that end with a

Click here to take the quiz!

General Stats

  • This quiz has been taken 1,014 times
    (950 since last reset)
  • The average score is 58 of 75

Answer Stats

Answer% Correct
australia
94%
argentina
92%
algeria
91%
canada
91%
russia
91%
albania
90%
india
90%
austria
89%
colombia
89%
china
86%
armenia
85%
indonesia
85%
latvia
85%
lithuania
85%
estonia
84%
angola
83%
libya
83%
panama
83%
cuba
82%
romania
82%
slovakia
82%
slovenia
82%
venezuela
82%
bulgaria
81%
croatia
81%
andorra
80%
serbia
80%
costa rica
79%
guatemala
79%
south korea
79%
zambia
79%
namibia
78%
nicaragua
78%
saudi arabia
78%
somalia
78%
south africa
78%
antigua and barbuda
77%
bolivia
77%
bosnia and herzegovina
77%
ethiopia
77%
ghana
77%
north korea
77%
tanzania
77%
kenya
76%
cambodia
75%
nigeria
75%
north macedonia
75%
botswana
74%
guinea
74%
guyana
74%
jamaica
74%
mauritania
74%
tunisia
74%
gambia
73%
malaysia
73%
eritrea
72%
liberia
72%
uganda
72%
dominica
71%
georgia
71%
rwanda
71%
samoa
71%
malta
70%
mongolia
70%
united states of america
70%
grenada
69%
syria
68%
moldova
67%
tonga
66%
saint lucia
62%
equatorial guinea
57%
papua new guinea
57%
sri lanka
57%
czechia
52%
federated states of micronesia
51%

Score Distribution

Percentile by Number Answered

Percent of People with Each Score

Your Score History

You have not taken this quiz since the last reset